[Event "12. Süder Sommerpokal"]
[Site "Recklinghausen"]
[Date "2001.08.06"]
[Round "3"]
[White "Khenkin, Igor"]
[Black "Kern, Guido"]
[Result "1-0"]
[WhiteElo "2579"]
[BlackElo "2334"]
[PlyCount "77"]
[EventDate "2001.??.??"]

1. d4 e6 2. c4 Bb4+ 3. Bd2 Bxd2+ 4. Qxd2 Nf6 5. Nc3 d5 6. Nf3 O-O 7. g3 Nbd7 8.
Bg2 Qe7 9. O-O Rd8 10. Ne5 dxc4 11. Nxc4 c5 12. Rfd1 Nb6 13. Nxb6 axb6 14. Qe3
Ra5 15. dxc5 bxc5 16. Rxd8+ Qxd8 17. Rd1 Bd7 18. Bxb7 Qb6 19. Bf3 h6 20. Rd2
Be8 21. Qf4 Ra7 22. Qd6 Qxd6 23. Rxd6 Kf8 24. Rd8 Ke7 25. Rc8 Ra5 26. Kf1 Bd7
27. Ra8 Rxa8 28. Bxa8 c4 29. Ke1 Kd6 30. Ne4+ Nxe4 31. Bxe4 Kc5 32. Kd2 Kb4 33.
Bc2 e5 34. a3+ Kc5 35. e3 f6 36. Kc3 Bb5 37. Bd1 Bd7 38. Be2 Be6 39. Bxc4 1-0

[Event "12. Süder Sommerpokal"]
[Site "Recklinghausen"]
[Date "2001.08.06"]
[Round "3"]
[White "Kummerow, Heiko"]
[Black "Bischoff, Klaus"]
[Result "1/2-1/2"]
[WhiteElo "2297"]
[BlackElo "2541"]
[PlyCount "54"]
[EventDate "2001.??.??"]

1. e4 c5 2. Nf3 d6 3. d4 cxd4 4. Nxd4 Nf6 5. Nc3 a6 6. Bc4 e6 7. Bb3 Nbd7 8.
Qe2 Nc5 9. Bg5 Be7 10. f4 h6 11. Bxf6 Bxf6 12. O-O-O Bd7 13. Kb1 Qc7 14. Rhe1
O-O-O 15. e5 dxe5 16. fxe5 Be7 17. Bd5 Kb8 18. Bf3 Bc8 19. Qc4 h5 20. Re3 Nd7
21. Qb3 Nc5 22. Qc4 Nd7 23. Qb3 Nxe5 24. Rxe5 Rxd4 25. Rxd4 Qxe5 26. Rd7 Qe1+
27. Nd1 Qb4 1/2-1/2

[Event "12. Süder Sommerpokal"]
[Site "Recklinghausen"]
[Date "2001.08.06"]
[Round "3"]
[White "Gofshtein, Leonid"]
[Black "Bakhmatov, Eduard"]
[Result "1/2-1/2"]
[WhiteElo "2518"]
[BlackElo "2276"]
[PlyCount "80"]
[EventDate "2001.??.??"]

1. d4 d5 2. c4 e6 3. Nf3 c5 4. cxd5 exd5 5. g3 Nc6 6. Bg2 Nf6 7. O-O Be7 8. Nc3
O-O 9. Bg5 cxd4 10. Nxd4 h6 11. Be3 Re8 12. Qa4 Bd7 13. Rad1 Na5 14. Qc2 Nc4
15. Bc1 Rc8 16. Qd3 Nb6 17. b3 Bb4 18. Bb2 Qe7 19. Rc1 Qe5 20. Nf3 Qe7 21. e3
a6 22. a4 Bg4 23. h3 Bh5 24. Nh4 Ba3 25. Nxd5 Nbxd5 26. Bxa3 Qxa3 27. Rxc8 Rxc8
28. Bxd5 Nxd5 29. Qxd5 Be2 30. Qxb7 Rc1 31. Rxc1 Qxc1+ 32. Kh2 Qd1 33. Qc8+ Kh7
34. Qf5+ Kg8 35. Qe5 g6 36. Qd4 Qxb3 37. e4 Qd3 38. Qe5 Qc4 39. Qe8+ Kg7 40.
Qe5+ Kg8 {Rest unleserlich} 1/2-1/2

[Event "12. Süder Sommerpokal"]
[Site "Recklinghausen"]
[Date "2001.08.06"]
[Round "3"]
[White "Zaragatski, Ilja"]
[Black "Berelovich, Aleksandar"]
[Result "1-0"]
[WhiteElo "2248"]
[BlackElo "2513"]
[PlyCount "61"]
[EventDate "2001.??.??"]

1. e4 e6 2. Nf3 d5 3. Nc3 Nf6 4. e5 Nfd7 5. d4 c5 6. dxc5 Nc6 7. Bf4 Bxc5 8.
Bd3 f6 9. exf6 Qxf6 10. Bg3 O-O 11. O-O h6 12. Qe2 Nb6 13. Ne5 Nxe5 14. Bxe5
Qg5 15. Kh1 Nd7 16. Bd6 Re8 17. Nb5 Bxd6 18. Nxd6 Re7 19. f4 Qf6 20. Rae1 Nc5
21. Qe5 Bd7 22. f5 Qxe5 23. Rxe5 b6 24. Rfe1 Rd8 25. b4 Nxd3 26. cxd3 Ba4 27.
Rxe6 Rc7 28. f6 gxf6 29. Nf5 Bd7 30. Re7 Kf8 31. Nxh6 1-0

[Event "12. Süder Sommerpokal"]
[Site "Recklinghausen"]
[Date "2001.08.06"]
[Round "3"]
[White "Saltaev, Mihail"]
[Black "Genkin, Michael"]
[Result "1/2-1/2"]
[WhiteElo "2510"]
[BlackElo "2266"]
[PlyCount "88"]
[EventDate "2001.??.??"]

1. e4 c5 2. Nf3 d6 3. d4 cxd4 4. Nxd4 Nf6 5. Nc3 a6 6. h3 b5 7. g4 Bb7 8. Bg2
e6 9. a3 Qc7 10. O-O Nc6 11. Be3 Be7 12. Qe1 O-O 13. f4 Rfe8 14. Qf2 Bf8 15.
Nb3 Nd7 16. Rad1 Rac8 17. Rd2 Na5 18. Nxa5 Qxa5 19. f5 Qc7 20. fxe6 fxe6 21.
Qf7+ Kh8 22. Rdf2 Nf6 23. Qxc7 Rxc7 24. g5 Nd7 25. h4 Kg8 26. Bh3 Bc8 27. Rf7
Rc4 28. h5 a5 29. R1f4 b4 30. axb4 axb4 31. Nb5 Ba6 32. Nd4 e5 33. Bxd7 exf4
34. Rxf4 Re5 35. Be6+ Rxe6 36. Nxe6 Be7 37. g6 hxg6 38. hxg6 Bf6 39. b3 Rxc2
40. e5 dxe5 41. Rxb4 Rc8 42. Nc5 Be2 43. Ne4 Bh5 44. Rb6 Bxg6 1/2-1/2

[Event "12. Süder Sommerpokal"]
[Site "Recklinghausen"]
[Date "2001.08.06"]
[Round "3"]
[White "Eismont, Igor"]
[Black "Rotstein, Arkadij"]
[Result "0-1"]
[WhiteElo "2238"]
[BlackElo "2499"]
[PlyCount "50"]
[EventDate "2001.??.??"]

1. d4 Nf6 2. c4 c5 3. d5 b5 4. Nd2 bxc4 5. e4 c3 6. bxc3 g6 7. c4 d6 8. Bb2 Bg7
9. Ngf3 O-O 10. Qc2 e5 11. g3 Nh5 12. Bg2 f5 13. h3 Nd7 14. O-O Rb8 15. Bc3 Nb6
16. Ba5 Bh6 17. a4 Bd7 18. Ra3 Qc8 19. Kh2 Qa6 20. Bc3 Nf6 21. exf5 Bxf5 22.
Qa2 Bd3 23. a5 Nxc4 24. Re1 Nxa3 25. Qxa3 e4 0-1

[Event "12. Süder Sommerpokal"]
[Site "Recklinghausen"]
[Date "2001.08.06"]
[Round "3"]
[White "Frohne, Gerd"]
[Black "Podzielny, Karl-Heinz"]
[Result "0-1"]
[WhiteElo "2233"]
[BlackElo "2477"]
[PlyCount "78"]
[EventDate "2001.??.??"]

1. d4 Nf6 2. c4 g6 3. Nc3 Bg7 4. e4 d6 5. f3 a6 6. Be3 c6 7. Bd3 Nbd7 8. Nge2
b5 9. cxb5 axb5 10. b4 O-O 11. O-O Nb6 12. a4 Nc4 13. Bxc4 bxc4 14. Qd2 Re8 15.
b5 Bb7 16. Rfb1 d5 17. e5 Nd7 18. bxc6 Bxc6 19. Nb5 Nf8 20. a5 Ra6 21. Qb4 Qd7
22. Na3 Rea8 23. Nc2 Qa7 24. f4 Ne6 25. g4 Bf8 26. Bd2 Qd7 27. Qc3 Ba4 28. Ne3
Bb3 29. Rf1 Rb8 30. h4 Ng7 31. f5 Ba4 32. Nf4 Rb3 33. Qc1 gxf5 34. Rf2 Ne6 35.
Ne2 Rd3 36. Ra3 Nxd4 37. Rxd3 Nxe2+ 38. Rxe2 cxd3 39. Rf2 d4 0-1

[Event "12. Süder Sommerpokal"]
[Site "Recklinghausen"]
[Date "2001.08.06"]
[Round "3"]
[White "Feygin, Michail"]
[Black "Michalczak, Thomas"]
[Result "1-0"]
[WhiteElo "2461"]
[BlackElo "2232"]
[PlyCount "109"]
[EventDate "2001.??.??"]

1. e4 e5 2. Nf3 Nc6 3. Bb5 a6 4. Bxc6 dxc6 5. O-O f6 6. d4 exd4 7. Nxd4 c5 8.
Ne2 Qxd1 9. Rxd1 Bd7 10. Bf4 O-O-O 11. Nbc3 Ne7 12. Bg3 Ng6 13. Nd5 Ne5 14. f4
Nf7 15. Nec3 f5 16. Bh4 Re8 17. e5 Be6 18. Bf2 b6 19. a4 Kb7 20. a5 b5 21. Ne2
Rd8 22. Ne3 Be7 23. b3 Rxd1+ 24. Rxd1 Rd8 25. Rxd8 Nxd8 26. g4 fxg4 27. f5 Bc8
28. Nd5 Nc6 29. Nxe7 Nxe7 30. f6 gxf6 31. exf6 Ng6 32. Bxc5 Kc6 33. b4 Be6 34.
Nd4+ Kd5 35. c4+ bxc4 36. Nxe6 Kxe6 37. b5 Kd7 38. bxa6 Kc8 39. f7 Kb8 40. Kf2
c3 41. f8=Q+ Nxf8 42. Bxf8 Ka7 43. Bb4 c2 44. Bd2 Kxa6 45. Kg3 c5 46. Kxg4 c4
47. Kf5 c3 48. Bc1 Kxa5 49. Ke4 Kb4 50. Kd3 Kb3 51. h3 Kb4 52. Kxc2 Kc4 53. Be3
Kd5 54. Kxc3 Ke4 55. Bg5 1-0

[Event "12. Süder Sommerpokal"]
[Site "Recklinghausen"]
[Date "2001.08.06"]
[Round "3"]
[White "Eismont, Oleg"]
[Black "Wicht, Jürgen"]
[Result "1-0"]
[WhiteElo "2443"]
[BlackElo "2197"]
[PlyCount "53"]
[EventDate "2001.??.??"]

1. e4 e6 2. d4 d5 3. Nd2 dxe4 4. Nxe4 Nd7 5. Nf3 Ngf6 6. Nxf6+ Nxf6 7. c3 h6 8.
Ne5 Be7 9. Qf3 Qd5 10. Qg3 Qe4+ 11. Be3 Nh5 12. Qh3 Nf4 13. Qg4 g5 14. O-O-O f5
15. Qg3 Bd6 16. Bd2 Bxe5 17. dxe5 Qxe5 18. h4 Ng6 19. Qxe5 Nxe5 20. hxg5 Nf7
21. g6 Ne5 22. g7 Rg8 23. Bxh6 Nf7 24. Bf4 c6 25. Rh7 Bd7 26. Be2 e5 27. Bh5
1-0

[Event "12. Süder Sommerpokal"]
[Site "Recklinghausen"]
[Date "2001.08.06"]
[Round "3"]
[White "Zeier, Robert"]
[Black "Hillarp Persson, Tiger"]
[Result "0-1"]
[WhiteElo "2034"]
[BlackElo "2438"]
[PlyCount "72"]
[EventDate "2001.??.??"]

1. e4 g6 2. d4 Bg7 3. Nc3 d6 4. Nf3 a6 5. a4 b6 6. Bc4 e6 7. Bg5 Ne7 8. Qd2 h6
9. Bf4 Nd7 10. O-O g5 11. Bg3 Ng6 12. Ne1 Nf6 13. f3 O-O 14. Ne2 Nh5 15. Bf2 d5
16. Bb3 dxe4 17. fxe4 Bb7 18. Nc3 Nf6 19. e5 Nxe5 20. h4 Neg4 21. hxg5 Qd6 22.
g3 Nxf2 23. Kxf2 hxg5 24. Ke2 Qxg3 25. Kd1 Rad8 26. Kc1 Qh4 27. Ne2 c5 28. Kb1
b5 29. axb5 axb5 30. Ra7 Be4 31. Qe3 c4 32. Ba2 Nd5 33. Qg1 Ra8 34. Rfxf7 Rxa7
35. Rxa7 Ne3 36. Ng3 Nf1 0-1

[Event "12. Süder Sommerpokal"]
[Site "Recklinghausen"]
[Date "2001.08.06"]
[Round "3"]
[White "Gawehns, Klaus"]
[Black "Pusch, Hermann"]
[Result "1-0"]
[WhiteElo "2375"]
[BlackElo "2169"]
[PlyCount "81"]
[EventDate "2001.??.??"]

1. b3 Nf6 2. Bb2 d6 3. g3 e5 4. Bg2 Be7 5. c4 c5 6. Nc3 Nc6 7. Nf3 O-O 8. O-O
Bd7 9. e3 Qc8 10. d4 Bg4 11. d5 Nd8 12. e4 Nxe4 13. Nxe4 f5 14. Ned2 e4 15. Re1
Bf6 16. Bxf6 Rxf6 17. Qc2 exf3 18. Bxf3 Nf7 19. Bg2 f4 20. Ne4 Rg6 21. f3 Bh3
22. Bxh3 Qxh3 23. Qg2 Qh6 24. g4 Ne5 25. Nxd6 Nxf3+ 26. Qxf3 Rxd6 27. Re5 Rf8
28. Rae1 Qf6 29. Kh1 Rd7 30. Rf5 Qd6 31. Re6 Qb8 32. Qe4 Rdf7 33. Rxf7 Kxf7 34.
Qxh7 Qd8 35. Rg6 Rg8 36. Qh5 Qf8 37. Re6+ g6 38. Qe5 Qd8 39. Qxf4+ Kg7 40. g5
Rf8 41. Qe5+ 1-0

[Event "12. Süder Sommerpokal"]
[Site "Recklinghausen"]
[Date "2001.08.06"]
[Round "3"]
[White "Heckötter, Christian"]
[Black "Rotstein, Jefim"]
[Result "0-1"]
[WhiteElo "1967"]
[BlackElo "2364"]
[PlyCount "40"]
[EventDate "2001.??.??"]

1. d4 Nf6 2. Nf3 c5 3. e3 e6 4. Bd3 b6 5. Nbd2 Be7 6. O-O O-O 7. Qe2 Nc6 8. c3
Bb7 9. Re1 d6 10. e4 cxd4 11. cxd4 Nb4 12. Bb1 Rc8 13. Nf1 Qc7 14. e5 dxe5 15.
dxe5 Nd7 16. Bf4 Qc4 17. Qd2 Rfd8 18. Rc1 Qxc1 19. Qxc1 Rxc1 20. Bxc1 Bxf3 0-1

[Event "12. Süder Sommerpokal"]
[Site "Recklinghausen"]
[Date "2001.08.06"]
[Round "3"]
[White "Koscielski, Janusch"]
[Black "Konietzka, Lutz"]
[Result "1-0"]
[WhiteElo "2335"]
[BlackElo "2160"]
[PlyCount "54"]
[EventDate "2001.??.??"]

1. e4 c5 2. Nf3 Nc6 3. d4 cxd4 4. Nxd4 g6 5. c4 Bg7 6. Be3 Nf6 7. Nc3 O-O 8.
Be2 d6 9. O-O Bd7 10. Qd2 Nxd4 11. Bxd4 Bc6 12. Bd3 a5 13. Rae1 Re8 14. b3 Nd7
15. Bxg7 Kxg7 16. Re3 Qb6 17. Rh3 Nf8 18. Bc2 Qc5 19. a4 h5 20. Kh1 Nd7 21. Re3
Rad8 22. Nd5 Bxd5 23. exd5 Nf6 24. h3 b6 25. Rfe1 Qc7 26. Rg3 Rd7 27. Qg5 Rh8 {
Zeit} 1-0

[Event "12. Süder Sommerpokal"]
[Site "Recklinghausen"]
[Date "2001.08.06"]
[Round "3"]
[White "Kalka, Arkadius Georg"]
[Black "Mittelbachert, Ulrich"]
[Result "1-0"]
[WhiteElo "2386"]
[BlackElo "2086"]
[PlyCount "77"]
[EventDate "2001.??.??"]

1. e4 c6 2. d4 d5 3. Nc3 dxe4 4. Nxe4 Nf6 5. Nxf6+ gxf6 6. Nf3 Bg4 7. Be2 e6 8.
Bf4 Bd6 9. Qd2 Qc7 10. Bg3 Nd7 11. O-O-O O-O-O 12. Kb1 Kb8 13. Nh4 f5 14. Bxd6
Qxd6 15. h3 Bxe2 16. Qxe2 Nf6 17. Nf3 Ne4 18. Ne5 Qc7 19. Rhe1 h5 20. Rd3 h4
21. Red1 Rhg8 22. f3 Nf6 23. Qe1 Rg3 24. c4 b6 25. Nxc6+ Qxc6 26. Qe5+ Qc7 27.
Qxf6 Rxg2 28. Qxh4 Rc8 29. c5 Qh2 30. Rb3 Rcg8 31. a3 Rg1 32. Rxg1 Qxg1+ 33.
Ka2 Qd1 34. cxb6 axb6 35. Rxb6+ Ka7 36. Rb4 Re8 37. Qf4 e5 38. Qxf5 Re7 39. Qc8
1-0

[Event "12. Süder Sommerpokal"]
[Site "Recklinghausen"]
[Date "2001.08.06"]
[Round "3"]
[White "Sondermann, Dirk"]
[Black "Halasz, Tamas"]
[Result "0-1"]
[WhiteElo "2171"]
[BlackElo "2382"]
[PlyCount "64"]
[EventDate "2001.??.??"]

1. d4 d5 2. c4 e6 3. Nf3 Nf6 4. g3 dxc4 5. Bg2 Bd7 6. O-O c5 7. dxc5 Bxc5 8.
Ne5 Nc6 9. Nxc6 Bxc6 10. Bxc6+ bxc6 11. Qc2 Qd5 12. Nc3 Qh5 13. Ne4 Ng4 14. h4
O-O 15. Qxc4 Be7 16. Bg5 Ne5 17. Qc3 f6 18. Rae1 Rab8 19. a3 Qg6 20. Nd2 fxg5
21. Qxe5 gxh4 22. Nc4 Rb5 23. Qc7 Bd8 24. Qd6 Rd5 25. Qxc6 hxg3 26. f4 Qh6 27.
Kg2 Rh5 28. e3 Rh2+ 29. Kf3 g5 30. Ke4 Qg6+ 31. Kd4 e5+ 32. Nxe5 Rd2+ 0-1

[Event "12. Süder Sommerpokal"]
[Site "Recklinghausen"]
[Date "2001.08.06"]
[Round "3"]
[White "Woller, Rainer"]
[Black "Gassmann, Volker"]
[Result "1-0"]
[WhiteElo "2234"]
[BlackElo "2188"]
[PlyCount "85"]
[EventDate "2001.??.??"]

1. Nf3 Nf6 2. c4 e6 3. g3 d5 4. d4 c5 5. cxd5 exd5 6. Nc3 Nc6 7. Bg2 Be7 8. O-O
O-O 9. Bg5 cxd4 10. Nxd4 h6 11. Be3 Re8 12. Qa4 Bd7 13. Rad1 Na5 14. Qc2 Rc8
15. Qb1 Nc4 16. Bc1 Qa5 17. Nb3 Qa6 18. Nxd5 Bg4 19. Nxe7+ Rxe7 20. Nd4 Bxe2
21. Nxe2 Rxe2 22. Bf3 Ne5 23. Bxe2 Qxe2 24. Qf5 Re8 25. Kg2 Qa6 26. Rde1 Qc6+
27. f3 g6 28. Qb1 Kg7 29. Bf4 Nc4 30. b3 g5 31. bxc4 gxf4 32. Rxe8 Nxe8 33. Qe4
Qxe4 34. fxe4 fxg3 35. e5 gxh2 36. Rd1 Kg6 37. Rd7 Ng7 38. Rxb7 Nf5 39. Rxa7
Ne3+ 40. Kxh2 Nxc4 41. a4 Kf5 42. a5 Nxe5 43. Rb7 1-0

[Event "12. Süder Sommerpokal"]
[Site "Recklinghausen"]
[Date "2001.08.06"]
[Round "3"]
[White "Hilmer, Frank"]
[Black "Stepa, Rainer"]
[Result "1-0"]
[WhiteElo "2216"]
[BlackElo "1793"]
[PlyCount "35"]
[EventDate "2001.??.??"]

1. d4 d5 2. c4 e6 3. Nc3 Nf6 4. Bg5 Be7 5. e3 c6 6. Nf3 dxc4 7. Bxc4 b5 8. Bd3
b4 9. Na4 Nfd7 10. Bxe7 Qxe7 11. O-O O-O 12. Rc1 Bb7 13. Nd2 e5 14. Ne4 exd4
15. exd4 a5 16. Re1 Qd8 17. Qh5 f5 18. Ng5 1-0

[Event "12. Süder Sommerpokal"]
[Site "Recklinghausen"]
[Date "2001.08.06"]
[Round "3"]
[White "Klueting, Reiner"]
[Black "Spieß, Timo"]
[Result "0-1"]
[WhiteElo "2131"]
[BlackElo "2181"]
[PlyCount "102"]
[EventDate "2001.??.??"]

1. Nc3 d5 2. e4 c6 3. Qe2 e6 4. Nf3 Nf6 5. e5 Nfd7 6. d4 Be7 7. g3 b6 8. Be3
Ba6 9. Qd2 Bxf1 10. Rxf1 c5 11. O-O-O Nc6 12. h4 cxd4 13. Bxd4 Rc8 14. Qe2 O-O
15. Kb1 Bc5 16. Bxc5 bxc5 17. Rfe1 Qb6 18. Qb5 Qc7 19. Qe2 Rb8 20. Nd2 Qa5 21.
Nb3 Qb6 22. Na4 Qb7 23. c3 c4 24. Nac5 Nxc5 25. Nxc5 Qe7 26. Na4 Rb5 27. Ka1
Rfb8 28. Qc2 Qb7 29. Rb1 Qa6 30. Re2 Na5 31. Rbe1 Nb3+ 32. axb3 cxb3 33. Qd3
Qxa4+ 34. Kb1 Ra5 35. Kc1 Qc6 36. Kd2 Ra2 37. Ke3 Rd8 38. f4 Ra4 39. Kf2 Qb6+
40. Kg2 g6 41. h5 Qc6 42. hxg6 hxg6 43. Rd2 Kg7 44. Rh1 Rh8 45. Rxh8 Kxh8 46.
Kh3 Qc4 47. Qb1 Ra2 48. Qd1 a5 49. Qg1 Kg7 50. Qb6 Qf1+ 51. Kg4 Qh1 0-1

[Event "12. Süder Sommerpokal"]
[Site "Recklinghausen"]
[Date "2001.08.06"]
[Round "3"]
[White "Czarnik, Josef"]
[Black "Pirs, Matjaz"]
[Result "1/2-1/2"]
[WhiteElo "2068"]
[BlackElo "2248"]
[PlyCount "78"]
[EventDate "2001.??.??"]

1. d4 c5 2. d5 Nf6 3. Nc3 d6 4. e4 a6 5. a4 b6 6. Nf3 g6 7. Be2 Bg7 8. O-O Nbd7
9. Re1 O-O 10. Bc4 Ng4 11. Nd2 Nde5 12. h3 Nxc4 13. Nxc4 Ne5 14. Nxe5 Bxe5 15.
f4 Bd4+ 16. Be3 Bg7 17. g4 f5 18. exf5 gxf5 19. g5 Bd7 20. Qe2 Re8 21. Qg2 b5
22. axb5 axb5 23. Rxa8 Qxa8 24. Nd1 e5 25. dxe6 Qxg2+ 26. Kxg2 Rxe6 27. c3 d5
28. Bd2 d4 29. Rxe6 Bxe6 30. cxd4 cxd4 31. h4 Bb3 32. Nf2 Bc2 33. Kf3 Kf7 34.
h5 Ke6 35. Bb4 Bb3 36. Ke2 Kd7 37. Nd3 Bf7 38. h6 Bh8 39. Kd2 Ke8 1/2-1/2

[Event "12. Süder Sommerpokal"]
[Site "Recklinghausen"]
[Date "2001.08.06"]
[Round "3"]
[White "Cordes, Mary Ann"]
[Black "Kartsev, Soel"]
[Result "0-1"]
[WhiteElo "1931"]
[BlackElo "2236"]
[PlyCount "58"]
[EventDate "2001.??.??"]

1. e4 d5 2. exd5 Nf6 3. d4 Nxd5 4. c4 Nb6 5. Nc3 g6 6. Be3 Bg7 7. Qd2 Nc6 8.
O-O-O O-O 9. h4 h5 10. Be2 e5 11. d5 Nd4 12. f3 c6 13. dxc6 bxc6 14. g4 Be6 15.
b3 Qe7 16. gxh5 Rfd8 17. Bxd4 exd4 18. Nb1 d3 19. Bxd3 Bf5 20. Qc2 Qe3+ 21. Qd2
Qe5 22. Qe2 Bh6+ 23. Kc2 Bxd3+ 24. Rxd3 Qa1 25. Nd2 Qxa2+ 26. Kd1 Re8 27. Qg2
Rad8 28. Qe2 Bxd2 29. Rxd8 Rxd8 0-1

[Event "12. Süder Sommerpokal"]
[Site "Recklinghausen"]
[Date "2001.08.06"]
[Round "3"]
[White "Biendara, Michael"]
[Black "Dresen, Ulrich"]
[Result "0-1"]
[WhiteElo "1912"]
[BlackElo "2233"]
[PlyCount "64"]
[EventDate "2001.??.??"]

1. d4 d5 2. Nf3 Nf6 3. Nbd2 Bf5 4. e3 e6 5. a3 Nbd7 6. Be2 Bd6 7. Nh4 Be4 8.
Nxe4 dxe4 9. g3 Qe7 10. Bd2 O-O 11. c4 c5 12. Bc3 Rfd8 13. Qc2 Rac8 14. dxc5
Nxc5 15. Rd1 Nd3+ 16. Rxd3 exd3 17. Bxd3 b5 18. O-O bxc4 19. Be2 Nd5 20. Ba5
Bc7 21. Be1 Bb6 22. Nf3 c3 23. Ba6 Rc7 24. b4 Qf6 25. Be2 Bxe3 26. fxe3 Nxe3
27. Qc1 Nxf1 28. Kxf1 c2 29. a4 Qh6 30. Nd2 Qxh2 31. b5 Qh6 32. Kf2 Rc3 0-1

[Event "12. Süder Sommerpokal"]
[Site "Recklinghausen"]
[Date "2001.08.06"]
[Round "3"]
[White "Bramkamp, Rainer"]
[Black "Wormuth, Marcus"]
[Result "1-0"]
[WhiteElo "2191"]
[BlackElo "1911"]
[PlyCount "65"]
[EventDate "2001.??.??"]

1. e4 c5 2. Nf3 d6 3. d4 cxd4 4. Nxd4 Nf6 5. Nc3 g6 6. Be3 Bg7 7. f3 Nc6 8. Qd2
O-O 9. O-O-O Nxd4 10. Bxd4 Be6 11. Kb1 Qa5 12. Nd5 Qxd2 13. Nxe7+ Kh8 14. Rxd2
Rfe8 15. Bxf6 Bxf6 16. Nd5 Bxd5 17. Rxd5 Be7 18. c4 Rac8 19. b4 Rc6 20. Kc2 Kg7
21. Kb3 Rec8 22. a4 a6 23. Bd3 f6 24. f4 Re8 25. Re1 Kf7 26. g3 Rc7 27. h4 h6
28. h5 g5 29. e5 Rd8 30. Bg6+ Kg7 31. exd6 Bxd6 32. c5 Re7 33. Rxd6 1-0

[Event "12. Süder Sommerpokal"]
[Site "Recklinghausen"]
[Date "2001.08.06"]
[Round "3"]
[White "Blayvas, Jan"]
[Black "Jungbluth, Rolf"]
[Result "1-0"]
[WhiteElo "1912"]
[BlackElo "2156"]
[PlyCount "81"]
[EventDate "2001.??.??"]

1. c4 c5 2. Nc3 Nc6 3. g3 d6 4. Bg2 e5 5. Nf3 Nf6 6. O-O Be7 7. Ne1 O-O 8. a3
Be6 9. Nd5 Qd7 10. Nc2 Rab8 11. d3 b5 12. Nxe7+ Nxe7 13. Ne3 d5 14. cxd5 Nexd5
15. Nxd5 Nxd5 16. Bxd5 Qxd5 17. e4 Qd7 18. Be3 Qe7 19. Rc1 c4 20. Qh5 f6 21. d4
Bf7 22. Qe2 exd4 23. Bxd4 Rfe8 24. Rfe1 a5 25. f3 Qb7 26. Qf2 b4 27. axb4 axb4
28. g4 Ra8 29. h4 Ra2 30. Re2 Qc7 31. h5 h6 32. Rce1 Rc8 33. e5 fxe5 34. Bxe5
Qa7 35. Bd4 Qa5 36. Re7 Ra1 37. R7e5 Qa8 38. Kg2 Rxe1 39. Qxe1 Qb8 40. g5 Re8
41. g6 1-0

[Event "12. Süder Sommerpokal"]
[Site "Recklinghausen"]
[Date "2001.08.06"]
[Round "3"]
[White "Jittenmeier, Franz"]
[Black "Rebber, Christian"]
[Result "0-1"]
[WhiteElo "1902"]
[BlackElo "2154"]
[PlyCount "96"]
[EventDate "2001.??.??"]

1. e4 c5 2. Nf3 Nc6 3. d4 cxd4 4. c3 dxc3 5. Nxc3 d6 6. Bc4 e6 7. Qe2 Be7 8.
O-O Nf6 9. Rd1 Qc7 10. Bg5 O-O 11. Rac1 Qb8 12. h3 a6 13. a4 Ne5 14. Nxe5 dxe5
15. a5 h6 16. Be3 Bd7 17. Bb6 Bc6 18. Rd3 Nd7 19. Rg3 Nxb6 20. axb6 Bh4 21. Rd3
Rd8 22. Rcd1 Rxd3 23. Rxd3 Qe8 24. Qg4 Bf6 25. Rf3 Qe7 26. Ne2 Kh7 27. Rc3 g6
28. Qf3 Bg7 29. Ng3 Qf6 30. Qe3 h5 31. Bd3 Bh6 32. Qc5 Bf8 33. Qa5 Bd6 34. Ne2
Qe7 35. Rc2 f6 36. Nc1 Bb4 37. Qa2 a5 38. Qc4 Rd8 39. Ne2 Qd6 40. Nc1 Rd7 41.
Kf1 f5 42. Kg1 Kg7 43. Kh1 Kf6 44. exf5 exf5 45. Qg8 Rd8 46. Qh7 e4 47. Be2 e3
48. Nd3 exf2 0-1

[Event "12. Süder Sommerpokal"]
[Site "Recklinghausen"]
[Date "2001.08.06"]
[Round "3"]
[White "Goralski, Christian"]
[Black "Montignies, Rainer"]
[Result "1/2-1/2"]
[WhiteElo "2149"]
[BlackElo "1901"]
[PlyCount "65"]
[EventDate "2001.??.??"]

1. e4 d5 2. exd5 Qxd5 3. Nc3 Qa5 4. d4 Nf6 5. Bc4 c6 6. Bd2 Qc7 7. Nf3 Bf5 8.
Ne5 e6 9. g4 Be4 10. Nxe4 Nxe4 11. Be3 Bd6 12. f4 Nd7 13. Qf3 Nef6 14. O-O-O
Nb6 15. Bd3 O-O 16. g5 Nfd5 17. c4 Nxe3 18. Qxe3 c5 19. Bc2 cxd4 20. Rxd4 Bxe5
21. fxe5 Rad8 22. Bxh7+ Kxh7 23. Rh4+ Kg6 24. Qe4+ f5 25. exf6+ Kf7 26. fxg7
Rg8 27. Rf1+ Ke7 28. Qg6 Qe5 29. Qf7+ Kd6 30. Rd1+ Kc6 31. Qf3+ Kc7 32. Qf7+
Kc6 33. Qf3+ 1/2-1/2

[Event "12. Süder Sommerpokal"]
[Site "Recklinghausen"]
[Date "2001.08.06"]
[Round "3"]
[White "von Beers, Rainer"]
[Black "Müller, Herbert"]
[Result "0-1"]
[WhiteElo "1864"]
[BlackElo "2121"]
[PlyCount "110"]
[EventDate "2001.??.??"]

1. e4 b6 2. d4 Bb7 3. Nc3 e6 4. Bd3 Bb4 5. Qg4 Kf8 6. Nf3 Nf6 7. Qh4 Na6 8. Bg5
Be7 9. O-O Nb4 10. Rad1 Nxd3 11. cxd3 a6 12. Nd2 h6 13. Qh3 Kg8 14. Be3 b5 15.
f4 d5 16. e5 Nh7 17. f5 Bg5 18. Bxg5 Nxg5 19. Qg3 exf5 20. Rxf5 Bc8 21. Rf2 c6
22. Rdf1 Ra7 23. Ne2 Ne6 24. Nf3 Qb6 25. Kh1 a5 26. h4 b4 27. h5 Ba6 28. Nh4
Qd8 29. Rf6 Bxd3 30. Rxe6 fxe6 31. Ng6 Bxg6 32. Qxg6 Qg5 33. Qxe6+ Kh7 34. Qh3
Re8 35. Qd3+ Kg8 36. Nf4 Rf7 37. g3 Qf5 38. Qe2 c5 39. dxc5 Rxe5 40. Qf3 Qe4
41. Qxe4 dxe4 42. Rc1 e3 43. c6 Rc7 44. Ng6 Rxh5+ 45. Kg2 Kf7 46. Nf4 Rf5 47.
Kf3 g5 48. Ke4 Rf6 49. Nd5 Rcxc6 50. Re1 Rfe6+ 51. Kd4 e2 52. Ne3 Rcd6+ 53. Nd5
Rd7 54. Kc4 Re4+ 55. Kd3 Re5 0-1

[Event "12. Süder Sommerpokal"]
[Site "Recklinghausen"]
[Date "2001.08.06"]
[Round "3"]
[White "Kloß, Detlev"]
[Black "Diebig, Klaus"]
[Result "1-0"]
[WhiteElo "2119"]
[BlackElo "1849"]
[PlyCount "85"]
[EventDate "2001.??.??"]

1. d4 d5 2. c4 c6 3. Nf3 Nf6 4. g3 e6 5. Bg2 Be7 6. O-O O-O 7. Qc2 dxc4 8. Qxc4
Nbd7 9. Nc3 Nb6 10. Qb3 Nbd5 11. Qc2 b6 12. Rd1 Bb7 13. e4 Nxc3 14. bxc3 Qc8
15. c4 Nd7 16. Bb2 b5 17. Rac1 bxc4 18. Qxc4 Rb8 19. Qb3 Bf6 20. Ba3 Re8 21. e5
Be7 22. Bxe7 Rxe7 23. Qa3 Re8 24. Ng5 c5 25. Bxb7 Qxb7 26. Qd3 f5 27. exf6 Nxf6
28. dxc5 h6 29. c6 Qc7 30. Nf3 Red8 31. Qc4 Rxd1+ 32. Rxd1 Nd5 33. Nd4 Rb4 34.
Qe2 Qe7 35. Qxe6+ Qxe6 36. Nxe6 Ne7 37. Rd7 Nxc6 38. Rxg7+ Kh8 39. Rc7 Rb6 40.
Nf4 Ra6 41. Nd5 Nd4 42. Kg2 Rxa2 43. Nf6 1-0

[Event "12. Süder Sommerpokal"]
[Site "Recklinghausen"]
[Date "2001.08.06"]
[Round "3"]
[White "Herud, Martin"]
[Black "Banik, Thorsten"]
[Result "1-0"]
[WhiteElo "1800"]
[BlackElo "2117"]
[PlyCount "85"]
[EventDate "2001.??.??"]

1. e4 c5 2. Nf3 d6 3. d4 cxd4 4. Nxd4 Nf6 5. Nc3 a6 6. Bc4 e6 7. Bb3 Be7 8. Bg5
Nc6 9. f4 Qb6 10. Nxc6 bxc6 11. Qf3 h6 12. Bh4 Qc7 13. O-O-O Bb7 14. Qg3 Nh5
15. Qg4 Bxh4 16. Qxh5 Qe7 17. Kb1 g6 18. Qf3 Qc7 19. f5 gxf5 20. exf5 e5 21.
Qh5 Bf2 22. Ne4 Bd4 23. c3 Bc5 24. Nxd6+ Bxd6 25. Rxd6 c5 26. Ba4+ Ke7 27. Rd7+
Qxd7 28. Bxd7 Kxd7 29. Qxf7+ Kc6 30. Qe6+ Kb5 31. a4+ Ka5 32. Qxe5 Rac8 33. b4+
Kxa4 34. Kb2 Kb5 35. Ra1 Rhe8 36. Ra5+ Kb6 37. Qd6+ Rc6 38. Qd3 Rg8 39. Rxc5
Rxg2+ 40. Ka3 Rxc5 41. Qd4 Kc7 42. Qxc5+ Kd7 43. f6 1-0

[Event "12. Süder Sommerpokal"]
[Site "Recklinghausen"]
[Date "2001.08.06"]
[Round "3"]
[White "Busch, Christian"]
[Black "Würtele, Armin"]
[Result "1-0"]
[WhiteElo "2112"]
[BlackElo "1834"]
[PlyCount "45"]
[EventDate "2001.??.??"]

1. d4 Nf6 2. Bg5 g6 3. Bxf6 exf6 4. e3 Bg7 5. c4 c5 6. Nc3 cxd4 7. Qxd4 O-O 8.
Nge2 Nc6 9. Qd2 d6 10. Nf4 Re8 11. Be2 Be6 12. O-O Ne5 13. b3 Qa5 14. Rfd1 f5
15. Rac1 Ng4 16. Nb5 Qxd2 17. Rxd2 Be5 18. Nc7 g5 19. Nd3 Bxh2+ 20. Kh1 Be5 21.
Bxg4 fxg4 22. Nxe5 dxe5 23. Nxa8 1-0